| 000 | 00848nam a2200265 a 4500 | ||
|---|---|---|---|
| 001 | 17302 | ||
| 003 | BD-RjUL | ||
| 005 | 20211209000122.0 | ||
| 008 | 140216s19671928enk 001 0 eng | ||
| 035 | _a(BD-RjUL)17360 | ||
| 035 | _a(OCoLC)487573 | ||
| 040 |
_aDLC _cOAU _dOCoLC _dDLC _dBD-RjUL _beng |
||
| 041 | _aeng | ||
| 082 |
_a809 _bSCM 1967 |
||
| 100 | 2 |
_aScott-James, R. A. _q(Rolfe Arnold), _d1878- _953330 |
|
| 245 | 1 | 4 |
_aThe making of literature : _bsome principles of criticism examined in the light of ancient and modern theory / _cby R.A. Scott-James. |
| 260 |
_aLondon : _bM. Secker, _c1928 [revised and reprinted 1963, 1967] |
||
| 300 |
_a396 p. ; _c23 cm. |
||
| 504 | _aIncludes index | ||
| 650 | 0 |
_aCriticism. _953331 |
|
| 650 | 0 |
_aLiterature _xTheory _9238045 |
|
| 942 |
_2ddc _cBK |
||
| 999 |
_c17302 _d17302 |
||